000 01009nam a2200277 a 4500
001 1656868
003 OSt
005 20180117085959.0
008 970930s1998 txuab b 001 0 eng
010 _a 97080494
020 _a9780495604600
040 _aDLC
_cDLC
050 0 0 _aHM51
_b.K67 1998
082 0 0 _a301
_221
100 1 _aKornblum, William.
245 1 0 _aSociology :
_bin a changing world
_cWilliam Kornblum
260 _aAustralia
_bThomson wardsworth Publishers,
_c2008.
300 _axxiv, 677 p. :
_bill. (some col.), col. maps ;
_c26 cm.
504 _aIncludes bibliographical references (p. 421-434) and index.
650 0 _aSociology.
700 1 _aSmith, Carolyn D.
906 _a7
_bcbc
_corignew
_d3
_eopcn
_f19
_gy-gencatlg
942 _2ddc
_cBK
999 _c3105
_d3105